| 000 | 00708nam a2200205Ia 4500 | ||
|---|---|---|---|
| 003 | GCL | ||
| 008 | 140319s9999 xx 000 0 ara d | ||
| 040 |
_aGCL / _cGCL |
||
| 082 | 0 | 4 |
_a398.2 _bأ ن |
| 100 | 1 | _aعبدالحميد يونس | |
| 245 | 1 | 0 |
_aالنوادر فى الأدب الشعبى: بحث مقدم لنيل درجة الدكتوراة فى الادب الشعب / _cعبدالحميد يونس |
| 700 | 1 | _aابراهيم احمد العزب شعلان | |
| 300 | _a473 | ||
| 490 |
_aكتاب _v0 |
||
| 650 | 0 | 4 | _aالادب الشعبى |
| 650 | 0 | 4 | _aجامعة القاهرة |
| 650 | 0 | 4 | _aالرسائل الجامعية |
| 650 | 0 | 4 | _aالنوادر الشعبية |
| 942 |
_2ddc _cBK |
||
| 999 |
_c42760 _d42760 |
||